| 000 | 00595nam a2200217Ia 4500 | ||
|---|---|---|---|
| 001 | b3604-26101 [5120] | ||
| 003 | IT-MiCISF | ||
| 008 | 161014s9999||||xx |||||||||||||| ||und|| | ||
| 040 |
_aIT-MiCISF _cIT-MiCISF |
||
| 041 | _ait | ||
| 100 | _aMarmocchi Paola | ||
| 245 | 0 |
_aLe parole giuste _bIdee, giochi e proposte per l'educazione alla sessualità |
|
| 250 | _a1a ed. | ||
| 260 |
_a Roma _bNIS _c1993 |
||
| 300 | _app. 178 | ||
| 500 | _a / educazione-sessuale, scuola, progetto / | ||
| 650 | _aeducazione | ||
| 700 | _aRaffuzzi Loretta | ||
| 942 | _cBK | ||
| 957 | _71 | ||
| 999 |
_a26101 _bsi _g1 _c213748 _d213748 |
||